[Event "Marburg op-B"]
[Site "Marburg"]
[Date "2023.10.27"]
[Round "3"]
[White "Fliegner, Thomas"]
[Black "Hensel, Roman"]
[Result "1/2-1/2"]
[WhiteElo "1511"]
[BlackElo "1341"]
[PlyCount "37"]
[EventDate "2023.10.26"]
[EventType "swiss"]
[EventRounds "7"]
[EventCountry "GER"]
[SourceTitle "CB49_2023"]
[SourceDate "2023.12.06"]
[SourceVersion "1"]
[SourceVersionDate "2023.12.06"]
[SourceQuality "1"]

1. e4 c5 2. Nf3 d6 3. d4 cxd4 4. Nxd4 Nf6 5. f3 Nc6 6. c4 e6 7. Nc3 Be7 8. Be2 0-0 9. 0-0 d5 10. cxd5 exd5 11. Nxc6 bxc6 12. exd5 cxd5 13. Be3 Bb4 14. Bd4 Bxc3 15. Bxc3 Bf5 16. Bxf6 Qxf6 17. b3 Rad8 18. Qd2 d4 19. Bd3 1/2-1/2

[Event "DSOL 06 Liga Gr-C 1st"]
[Site "Playchess.com INT"]
[Date "2020.07.16"]
[Round "4.3"]
[White "Wolf, Christian"]
[Black "Fliegner, Thomas"]
[Result "1-0"]
[WhiteElo "1646"]
[BlackElo "1420"]
[PlyCount "71"]
[EventDate "2020.06.22"]
[EventType "team-tourn (rapid)"]
[EventCountry "GER"]
[SourceTitle "EXT 2021"]
[Source "ChessBase"]
[SourceDate "2020.10.23"]
[SourceVersion "1"]
[SourceVersionDate "2020.10.23"]
[SourceQuality "1"]
[WhiteTeam "Hamburger SK V"]
[BlackTeam "Wehlheiden"]
[WhiteTeamCountry "GER"]
[BlackTeamCountry "GER"]

1. e4 c6 2. d4 d5 3. Nc3 dxe4 4. Nxe4 Bf5 5. Ng3 Bg6 6. Nf3 Nd7 7. h4 h6 8. h5 Bh7 9. Bd3 Bxd3 10. Qxd3 Ngf6 11. Bd2 e6 12. 0-0-0 Qc7 13. c4 Bd6 14. Ne4 Nxe4 15. Qxe4 Nf6 16. Qe2 Bf4 17. Ne5 Bxd2+ 18. Rxd2 0-0-0 19. g4 Nh7 20. Rhd1 Rhe8 21. Qf3 f6 22. Ng6 Nf8 23. Nf4 e5 24. dxe5 Rxd2 25. Rxd2 Rxe5 26. Nd3 Re7 27. Qf5+ Qd7 28. Qa5 b6 29. Qc3 Qxg4 30. Nb4 Re1+ 31. Kc2 Qe4+ 32. Kb3 Kb7 33. Qg3 Qe7 34. Qf3 Re2 35. Qxc6+ Kb8 36. Na6# 1-0

[Event "GER Cup Net V4 U1600"]
[Site "Playchess.com INT"]
[Date "2020.05.31"]
[Round "9"]
[White "Konz, Andreas"]
[Black "Fliegner, Thomas"]
[Result "1-0"]
[WhiteElo "1497"]
[BlackElo "1242"]
[PlyCount "107"]
[EventDate "2020.05.31"]
[EventType "swiss (blitz)"]
[EventRounds "9"]
[EventCountry "GER"]
[SourceTitle "EXT 2021"]
[Source "ChessBase"]
[SourceDate "2020.10.23"]
[SourceVersion "1"]
[SourceVersionDate "2020.10.23"]
[SourceQuality "1"]

1. d4 d5 2. Nf3 Nf6 3. e3 e6 4. Nbd2 Nbd7 5. Bd3 Be7 6. b3 c5 7. Bb2 0-0 8. 0-0 b6 9. Ne5 Nxe5 10. dxe5 Nd7 11. f4 f5 12. g4 Bb7 13. g5 g6 14. h4 a6 15. h5 Kg7 16. hxg6 hxg6 17. Kf2 Rh8 18. Rh1 Rxh1 19. Qxh1 Qh8 20. Qg2 Qh4+ 21. Ke2 Rh8 22. Nf3 Qh3 23. Qf2 d4 24. Ng1 Qg4+ 25. Kd2 dxe3+ 26. Kxe3 Rh1 27. Ne2 Rxa1 28. Bxa1 Qh3+ 29. Kd2 Qf3 30. Qxf3 Bxf3 31. Bxa6 Nb8 32. Bc4 Kf7 33. Nc3 Nc6 34. Na4 Nb4 35. c3 Nxa2 36. Nxb6 Bc6 37. b4 cxb4 38. Bxa2 bxc3+ 39. Bxc3 Bc5 40. Nc4 Bg1 41. Nd6+ Ke7 42. Bb4 Kd7 43. Nf7 Bh2 44. Ke3 Bg1+ 45. Ke2 Bd4 46. Nh8 Bb5+ 47. Kd2 Kc6 48. Nxg6 Bg1 49. Nf8 Bf1 50. g6 Bc5 51. Bxc5 Kxc5 52. g7 Bc4 53. Bxc4 Kxc4 54. Nxe6 1-0

[Event "GER Cup Net V2 U1600"]
[Site "Playchess.com INT"]
[Date "2020.05.22"]
[Round "1"]
[White "Fliegner, Thomas"]
[Black "Hartmann, Lasse Elias"]
[Result "1-0"]
[WhiteElo "1320"]
[BlackElo "1586"]
[PlyCount "109"]
[EventDate "2020.05.22"]
[EventType "swiss (blitz)"]
[EventRounds "9"]
[EventCountry "GER"]
[SourceTitle "EXT 2021"]
[Source "ChessBase"]
[SourceDate "2020.10.23"]
[SourceVersion "1"]
[SourceVersionDate "2020.10.23"]
[SourceQuality "1"]

1. e4 e6 2. d4 d5 3. exd5 exd5 4. Bd3 Nf6 5. Nf3 Bg4 6. 0-0 Bd6 7. Re1+ Be6 8. Ng5 0-0 9. Nxe6 fxe6 10. Rxe6 Re8 11. Rxe8+ Qxe8 12. Bg5 Nbd7 13. Nd2 h6 14. Bh4 Nh5 15. Nf3 Nf4 16. Bg3 Nf6 17. Qd2 Ne4 18. Bxe4 dxe4 19. Re1 Qg6 20. Nh4 Qg5 21. Rxe4 Rf8 22. Nf3 Qf5 23. Qe3 Nd5 24. Qe2 Bxg3 25. hxg3 Nf6 26. Rf4 Qh5 27. Qe6+ Kh8 28. Qe7 Rg8 29. Rh4 Qf5 30. Qxc7 Ne4 31. Qe5 Qxe5 32. Nxe5 Rd8 33. Ng6+ Kh7 34. Rxe4 Rd6 35. f4 Rxg6 36. Kf2 Rb6 37. b3 Rc6 38. c4 Ra6 39. Re2 Rd6 40. Rd2 Re6 41. d5 Re4 42. Kf3 Re7 43. g4 Rd7 44. f5 Kg8 45. Kf4 Kf7 46. Re2 Kf6 47. Re6+ Kf7 48. Rg6 Re7 49. Re6 Rc7 50. Ke5 Rd7 51. d6 b6 52. Kd5 Rd8 53. Kc6 Rc8+ 54. Kb7 Rc5 55. d7 1-0

[Event "GER Cup Net V2 U1600"]
[Site "Playchess.com INT"]
[Date "2020.05.22"]
[Round "4"]
[White "Hausmann, Heiko"]
[Black "Fliegner, Thomas"]
[Result "1-0"]
[WhiteElo "1502"]
[BlackElo "1320"]
[PlyCount "75"]
[EventDate "2020.05.22"]
[EventType "swiss (blitz)"]
[EventRounds "9"]
[EventCountry "GER"]
[SourceTitle "EXT 2021"]
[Source "ChessBase"]
[SourceDate "2020.10.23"]
[SourceVersion "1"]
[SourceVersionDate "2020.10.23"]
[SourceQuality "1"]

1. e4 c6 2. Nf3 d5 3. exd5 cxd5 4. d4 Nc6 5. Nbd2 Bg4 6. c3 e6 7. Be2 Nf6 8. 0-0 Be7 9. h3 Bh5 10. Qb3 Qc7 11. Re1 Na5 12. Qc2 0-0 13. Bd3 a6 14. Nf1 b5 15. Ng3 Bg6 16. Bxg6 hxg6 17. Ne5 b4 18. Bd2 bxc3 19. bxc3 Nc4 20. Rac1 Nxd2 21. Qxd2 Rfc8 22. Rc2 Qa5 23. Rec1 Ba3 24. Rb1 Rc7 25. Ne2 Ne4 26. Qe3 Rac8 27. Rb3 Bd6 28. f3 Nf6 29. f4 Bxe5 30. fxe5 Ne4 31. a3 Rc4 32. Kh2 Qxa3 33. Rxa3 R8c6 34. Nf4 g5 35. Ne2 Rb6 36. Ng3 Nxg3 37. Qxg3 Rbc6 38. Qxg5 1-0

[Event "GER Cup Net V2 U1600"]
[Site "Playchess.com INT"]
[Date "2020.05.22"]
[Round "7"]
[White "Heidrich, Detlef"]
[Black "Fliegner, Thomas"]
[Result "1-0"]
[WhiteElo "1448"]
[BlackElo "1320"]
[PlyCount "65"]
[EventDate "2020.05.22"]
[EventType "swiss (blitz)"]
[EventRounds "9"]
[EventCountry "GER"]
[SourceTitle "EXT 2021"]
[Source "ChessBase"]
[SourceDate "2020.10.23"]
[SourceVersion "1"]
[SourceVersionDate "2020.10.23"]
[SourceQuality "1"]

1. d4 d5 2. Nf3 Nf6 3. h3 c6 4. Bf4 Bf5 5. e3 e6 6. a3 Bd6 7. Be5 0-0 8. Nc3 Ne4 9. Nxe4 Bxe4 10. Bd3 Bxd3 11. Qxd3 f6 12. Bxd6 Qxd6 13. 0-0 Nd7 14. c4 dxc4 15. Qxc4 Nb6 16. Qb3 Qd5 17. Qd1 Nc4 18. b3 Nd6 19. Rc1 Rac8 20. Rc5 Qe4 21. b4 b6 22. Rh5 g6 23. Rh4 Qf5 24. Qb3 Rfe8 25. Nh2 Ne4 26. Ng4 Nd2 27. Qa2 Nxf1 28. Nh6+ Kg7 29. Nxf5+ exf5 30. Kxf1 Re4 31. Rxe4 fxe4 32. Qe6 Rc7 33. Qxe4 1-0

[Event "GER-ch Net Amateur Gr-C Final"]
[Site "Playchess.com INT"]
[Date "2020.04.18"]
[Round "13"]
[White "Fliegner, Thomas"]
[Black "Grave, Lukas"]
[Result "0-1"]
[WhiteElo "1425"]
[BlackElo "1428"]
[PlyCount "50"]
[EventDate "2020.04.18"]
[EventType "swiss (blitz)"]
[EventRounds "13"]
[EventCountry "GER"]
[SourceTitle "CBM 195 Extra"]
[Source "ChessBase"]
[SourceDate "2020.05.31"]
[SourceVersion "1"]
[SourceVersionDate "2020.05.31"]
[SourceQuality "1"]

1. e4 e5 2. Nf3 Nc6 3. Bb5 a6 4. Ba4 b5 5. Bb3 Bc5 6. c3 Nf6 7. d4 exd4 8. cxd4 Bb4+ 9. Nc3 Bxc3+ 10. bxc3 Nxe4 11. Qe2 Qe7 12. Bd5 f5 13. Ne5 Nxe5 14. dxe5 Qxe5 15. Bxa8 Qxc3+ 16. Kf1 Qxa1 17. Bxe4 Qxc1+ 18. Qe1 Qxe1+ 19. Kxe1 d6 20. Bc6+ Bd7 21. Bd5 c6 22. Bb3 d5 23. Kd2 Ke7 24. Re1+ Kd6 25. Bc2 g5 0-1

[Event "GER-ch Net Amateur Gr-C Final"]
[Site "Playchess.com INT"]
[Date "2020.04.18"]
[Round "5"]
[White "Fliegner, Thomas"]
[Black "Hausmann, Heiko"]
[Result "1-0"]
[WhiteElo "1425"]
[BlackElo "1543"]
[PlyCount "97"]
[EventDate "2020.04.18"]
[EventType "swiss (blitz)"]
[EventRounds "13"]
[EventCountry "GER"]
[SourceTitle "CBM 195 Extra"]
[Source "ChessBase"]
[SourceDate "2020.05.31"]
[SourceVersion "1"]
[SourceVersionDate "2020.05.31"]
[SourceQuality "1"]

1. e4 d5 2. exd5 Qxd5 3. Nc3 Qa5 4. d4 c6 5. Bc4 Nf6 6. Nf3 Bf5 7. 0-0 e6 8. a3 Nbd7 9. b4 Bxb4 10. Ne2 Bd6 11. c3 Qc7 12. g3 h6 13. Nh4 Bh7 14. f4 0-0 15. Nf3 Rfe8 16. Bb2 Ng4 17. Qd2 Ngf6 18. Ne5 Ne4 19. Qe3 Nef6 20. Bd3 Qb6 21. Rab1 Qc7 22. Bxh7+ Nxh7 23. Qd3 Nhf6 24. c4 Rad8 25. Qc3 Bf8 26. a4 Ne4 27. Qe3 Nef6 28. Rfd1 Nb6 29. Qb3 Ne4 30. a5 Nd7 31. Nc3 Nef6 32. Na4 Qxa5 33. Bc3 Qc7 34. Qxb7 Qxb7 35. Rxb7 a6 36. Nxc6 Rc8 37. Ne5 Nxe5 38. fxe5 Ne4 39. c5 Red8 40. Ba1 Be7 41. Nb6 Bxc5 42. Nxc8 Bb6 43. Nxb6 Rc8 44. d5 exd5 45. Nxd5 Rc2 46. Bd4 Rc4 47. Ra7 Nc5 48. Bxc5 Rxc5 49. Rxa6 1-0

[Event "GER-ch Net Amateur Gr-C Final"]
[Site "Playchess.com INT"]
[Date "2020.04.18"]
[Round "11"]
[White "Fliegner, Thomas"]
[Black "Vaghef, Mohammad Reza"]
[Result "0-1"]
[WhiteElo "1425"]
[BlackElo "1579"]
[PlyCount "30"]
[EventDate "2020.04.18"]
[EventType "swiss (blitz)"]
[EventRounds "13"]
[EventCountry "GER"]
[SourceTitle "CBM 195 Extra"]
[Source "ChessBase"]
[SourceDate "2020.05.31"]
[SourceVersion "1"]
[SourceVersionDate "2020.05.31"]
[SourceQuality "1"]

1. e4 d5 2. exd5 Nf6 3. d4 Bg4 4. Be2 Bxe2 5. Qxe2 Qxd5 6. Nf3 Nc6 7. c3 0-0-0 8. 0-0 e5 9. dxe5 Nd7 10. Rd1 Qe6 11. Bf4 f6 12. Re1 fxe5 13. Nxe5 Ndxe5 14. Bxe5 Nxe5 15. Qxe5 Qxe5 0-1

[Event "GER-ch Net Amateur Gr-C Final"]
[Site "Playchess.com INT"]
[Date "2020.04.18"]
[Round "6"]
[White "Habinski, David"]
[Black "Fliegner, Thomas"]
[Result "1-0"]
[WhiteElo "1517"]
[BlackElo "1425"]
[PlyCount "47"]
[EventDate "2020.04.18"]
[EventType "swiss (blitz)"]
[EventRounds "13"]
[EventCountry "GER"]
[SourceTitle "CBM 195 Extra"]
[Source "ChessBase"]
[SourceDate "2020.05.31"]
[SourceVersion "1"]
[SourceVersionDate "2020.05.31"]
[SourceQuality "1"]

1. e4 c6 2. d4 d5 3. exd5 cxd5 4. c4 Nf6 5. Nc3 Nc6 6. Nf3 e6 7. Bd3 Be7 8. 0-0 0-0 9. cxd5 Nxd5 10. Nxd5 Qxd5 11. h3 Nb4 12. Bc2 Nxc2 13. Qxc2 Bf6 14. Rd1 Bd7 15. Bf4 Rac8 16. Qb3 Qd6 17. Bxd6 Rfe8 18. Rac1 Rxc1 19. Rxc1 b6 20. Ne5 Bc8 21. Qc3 Ba6 22. Qc6 Rc8 23. Qxc8+ Bxc8 24. Rxc8+ 1-0

[Event "GER-ch Net Amateur Gr-C Final"]
[Site "Playchess.com INT"]
[Date "2020.04.18"]
[Round "8"]
[White "Radeke, Timothy"]
[Black "Fliegner, Thomas"]
[Result "1-0"]
[WhiteElo "1614"]
[BlackElo "1425"]
[PlyCount "133"]
[EventDate "2020.04.18"]
[EventType "swiss (blitz)"]
[EventRounds "13"]
[EventCountry "GER"]
[SourceTitle "CBM 195 Extra"]
[Source "ChessBase"]
[SourceDate "2020.05.31"]
[SourceVersion "1"]
[SourceVersionDate "2020.05.31"]
[SourceQuality "1"]

1. d4 d5 2. c4 c6 3. Nc3 Nf6 4. cxd5 cxd5 5. Nf3 Nc6 6. Bg5 e6 7. e3 Be7 8. Bd3 a6 9. 0-0 b5 10. a3 Bb7 11. b4 Rc8 12. Rc1 0-0 13. Qc2 h6 14. Bxf6 Bxf6 15. Qe2 Ne7 16. Rc2 Qd7 17. Rfc1 Rc7 18. Nd1 Rxc2 19. Rxc2 Rc8 20. Ne1 Rxc2 21. Qxc2 Qc6 22. f4 Qxc2 23. Bxc2 Nc8 24. Nf2 Nd6 25. Bd3 Nc4 26. Bxc4 bxc4 27. Nc2 Bc6 28. Kf1 Ba4 29. Na1 c3 30. Nd3 Kf8 31. Ke2 Bb5 32. a4 Bc4 33. Nc2 Bb3 34. Kd1 Bxa4 35. Nc5 Bb5 36. Na3 Bf1 37. g3 g5 38. Kc2 gxf4 39. gxf4 Bh4 40. Kxc3 Bf2 41. Nc2 Bg1 42. Kd2 Bxh2 43. Ke1 Bb5 44. Kf2 h5 45. Na3 Kg7 46. Nxb5 axb5 47. Na6 Kf6 48. Nc7 Kf5 49. Nxb5 Kg4 50. Nd6 Bg3+ 51. Kg2 f6 52. b5 h4 53. b6 h3+ 54. Kh1 Bf2 55. b7 Bxe3 56. b8Q Bxd4 57. Qg8+ Kf3 58. Qxe6 Kxf4 59. Qxd5 Be5 60. Qe4+ Kg3 61. Nf5+ Kf2 62. Qe3+ Kf1 63. Ng3+ Bxg3 64. Qxg3 f5 65. Qxh3+ Kf2 66. Qxf5+ Kg3 67. Kg1 1-0

[Event "GER-ch Net Amateur Gr-C Vor3"]
[Site "Playchess.com INT"]
[Date "2020.04.16"]
[Round "8"]
[White "Fliegner, Thomas"]
[Black "Grave, Lukas"]
[Result "1-0"]
[WhiteElo "1310"]
[BlackElo "1481"]
[PlyCount "127"]
[EventDate "2020.04.16"]
[EventType "swiss (blitz)"]
[EventRounds "9"]
[EventCountry "GER"]
[SourceTitle "CBM 195 Extra"]
[Source "ChessBase"]
[SourceDate "2020.05.31"]
[SourceVersion "1"]
[SourceVersionDate "2020.05.31"]
[SourceQuality "1"]

1. e4 e5 2. Nf3 Nc6 3. Bb5 a6 4. Ba4 b5 5. Bb3 Nf6 6. d3 Bc5 7. 0-0 0-0 8. c3 Re8 9. Re1 d5 10. exd5 Nxd5 11. Bc2 Bg4 12. Nbd2 Nf6 13. Ne4 Nxe4 14. dxe4 Qxd1 15. Bxd1 Rad8 16. h3 Bh5 17. Bg5 f6 18. Bh4 g5 19. Bg3 Bg6 20. Bb3+ Kg7 21. Rad1 Rxd1 22. Rxd1 Bxe4 23. Nd2 Bg6 24. c4 h5 25. cxb5 axb5 26. Bd5 Nd4 27. Nb3 Ne2+ 28. Kh2 Nxg3 29. fxg3 Rd8 30. Nxc5 c6 31. Ne6+ Kh6 32. Nxd8 cxd5 33. Rxd5 Kg7 34. Rxb5 Kf8 35. a4 Ke7 36. Nc6+ Kd6 37. Nb4 Be8 38. Rd5+ Ke6 39. b3 e4 40. Kg1 f5 41. Kf2 g4 42. hxg4 hxg4 43. Ke3 Bf7 44. Kf4 Kf6 45. Rxf5+ Kg6 46. Kxe4 Bxb3 47. a5 Bc2+ 48. Nd3 Bxd3+ 49. Kxd3 Kxf5 50. a6 Ke5 51. a7 Kf5 52. a8Q Kg5 53. Qe4 Kh5 54. Qf5+ Kh6 55. Qxg4 Kh7 56. Qh5+ Kg7 57. g4 Kf6 58. g5+ Kf5 59. g6+ Ke6 60. g7 Kd6 61. g8Q Kc6 62. Qgg6+ Kd7 63. Qhh7+ Kd8 64. Qgg8# 1-0

[Event "GER-ch Net Amateur Gr-C Vor3"]
[Site "Playchess.com INT"]
[Date "2020.04.16"]
[Round "7"]
[White "Fliegner, Thomas"]
[Black "Serrer, David"]
[Result "0-1"]
[WhiteElo "1310"]
[BlackElo "1686"]
[PlyCount "78"]
[EventDate "2020.04.16"]
[EventType "swiss (blitz)"]
[EventRounds "9"]
[EventCountry "GER"]
[SourceTitle "CBM 195 Extra"]
[Source "ChessBase"]
[SourceDate "2020.05.31"]
[SourceVersion "1"]
[SourceVersionDate "2020.05.31"]
[SourceQuality "1"]

1. e4 c5 2. Nf3 Nc6 3. d4 cxd4 4. Nxd4 Nf6 5. Nc3 e5 6. Nxc6 bxc6 7. Be2 Bb4 8. Bg5 h6 9. Bxf6 Bxc3+ 10. bxc3 Qxf6 11. 0-0 0-0 12. Qd2 Rd8 13. c4 d6 14. Rfd1 c5 15. Qe3 Be6 16. Bd3 Rab8 17. Rdb1 a5 18. Qd2 a4 19. Rb5 Bd7 20. Rxb8 Rxb8 21. Qc1 Qf4 22. Qxf4 exf4 23. f3 a3 24. Kf2 Kf8 25. Ke2 Ke7 26. Kd2 Ke6 27. Kc1 Ke5 28. Rb1 Rxb1+ 29. Kxb1 Kd4 30. Kc1 Kc3 31. Kb1 Be6 32. g4 fxg3 33. hxg3 Bxc4 34. Bxc4 Kxc4 35. f4 h5 36. e5 dxe5 37. fxe5 g5 38. Kc1 Kc3 39. Kd1 Kb2 0-1

[Event "GER-ch Net Amateur Gr-C Vor2"]
[Site "Playchess.com INT"]
[Date "2020.04.15"]
[Round "3"]
[White "Bock, Leonas"]
[Black "Fliegner, Thomas"]
[Result "1-0"]
[WhiteElo "1620"]
[BlackElo "1297"]
[PlyCount "63"]
[EventDate "2020.04.15"]
[EventType "swiss (blitz)"]
[EventRounds "9"]
[EventCountry "GER"]
[SourceTitle "CBM 196 Extra"]
[Source "ChessBase"]
[SourceDate "2020.07.31"]
[SourceVersion "1"]
[SourceVersionDate "2020.07.31"]
[SourceQuality "1"]

1. b3 d5 2. Bb2 c6 3. e3 Bf5 4. Be2 Nd7 5. Nf3 Ngf6 6. d3 e6 7. Nbd2 Be7 8. Rc1 c5 9. c4 0-0 10. 0-0 Rc8 11. h3 b6 12. d4 cxd4 13. exd4 dxc4 14. bxc4 Ne4 15. Nxe4 Bxe4 16. Re1 Bb4 17. Bc3 Bxc3 18. Rxc3 b5 19. Bf1 Bb7 20. Qd2 b4 21. Rb3 a5 22. a3 bxa3 23. Rxb7 Nb6 24. Qxa5 Nxc4 25. Qxd8 Rfxd8 26. Bxc4 Rxc4 27. Ra1 Ra4 28. Ne5 f6 29. Nc6 Rc8 30. Ne7+ Kf8 31. Nxc8 Rxd4 32. Rxa3 1-0

[Event "GER-ch Net Amateur Gr-C Vor2"]
[Site "Playchess.com INT"]
[Date "2020.04.15"]
[Round "5"]
[White "Masa, Cagan"]
[Black "Fliegner, Thomas"]
[Result "1-0"]
[WhiteElo "1423"]
[BlackElo "1297"]
[PlyCount "97"]
[EventDate "2020.04.15"]
[EventType "swiss (blitz)"]
[EventRounds "9"]
[EventCountry "GER"]
[SourceTitle "CBM 196 Extra"]
[Source "ChessBase"]
[SourceDate "2020.07.31"]
[SourceVersion "1"]
[SourceVersionDate "2020.07.31"]
[SourceQuality "1"]

1. e4 c6 2. Nf3 d5 3. exd5 cxd5 4. Nc3 Nf6 5. d4 Bg4 6. Be2 e6 7. h3 Bh5 8. g4 Bg6 9. Rg1 Bd6 10. h4 h6 11. h5 Bh7 12. Be3 Ne4 13. Nxe4 Bxe4 14. Qd2 Nc6 15. 0-0-0 Qa5 16. Qxa5 Nxa5 17. Bd2 Nc4 18. a3 Rc8 19. c3 Ke7 20. Rh1 b5 21. g5 hxg5 22. Bxg5+ f6 23. Bd2 a5 24. h6 gxh6 25. Rxh6 Rxh6 26. Bxh6 b4 27. Bxc4 Rxc4 28. Nd2 bxc3 29. Nxc4 cxb2+ 30. Kxb2 dxc4 31. Re1 Bd5 32. Bd2 Bc7 33. Rc1 Kd6 34. Bf4+ e5 35. dxe5+ fxe5 36. Bg3 Bb6 37. f4 Bd4+ 38. Kc2 e4 39. f5+ Ke7 40. Rd1 Bb6 41. Rxd5 e3 42. Re5+ Kf6 43. Re6+ Kxf5 44. Rxb6 Kg4 45. Be1 Kf3 46. Rb1 Ke2 47. Kc3 Kf1 48. Kxc4 e2 49. Kd3 1-0

[Event "GER-ch Net Amateur Gr-C Vor2"]
[Site "Playchess.com INT"]
[Date "2020.04.15"]
[Round "8"]
[White "Meister, Hubert"]
[Black "Fliegner, Thomas"]
[Result "0-1"]
[WhiteElo "1230"]
[BlackElo "1297"]
[PlyCount "68"]
[EventDate "2020.04.15"]
[EventType "swiss (blitz)"]
[EventRounds "9"]
[EventCountry "GER"]
[SourceTitle "CBM 196 Extra"]
[Source "ChessBase"]
[SourceDate "2020.07.31"]
[SourceVersion "1"]
[SourceVersionDate "2020.07.31"]
[SourceQuality "1"]

1. c4 c6 2. Nc3 d5 3. d3 d4 4. Ne4 f5 5. Nd2 e5 6. Ngf3 Bd6 7. e4 fxe4 8. dxe4 Nf6 9. Bd3 c5 10. 0-0 0-0 11. a3 Nc6 12. b4 cxb4 13. axb4 Nxb4 14. Ba3 Nxd3 15. Bxd6 Qxd6 16. Nb3 Nc5 17. Nxc5 Qxc5 18. Qd3 Be6 19. Rac1 Rfc8 20. Rfd1 Rc6 21. Nd2 Rac8 22. Qg3 Qd6 23. f3 Bxc4 24. Nxc4 Rxc4 25. Rb1 b6 26. Qf2 Rc2 27. Qg3 Nh5 28. Qh4 Nf4 29. Qg3 Ne2+ 30. Kf1 Nxg3+ 31. hxg3 Qc5 32. f4 exf4 33. gxf4 d3 34. e5 Qf2# 0-1